000
00319nam a2200145Ia 4500
100
_a
Kittel/C
942
_c
BK
654
_a
solid
245
_a
Introduction to solid state physics
260
_b
WILEY EASTERN LIMITED
_a
New Delhi
_c
1984
082
_a
530.41
_b
KIT
300
_a
599
546
_a
ENGLISH
999
_c
25549
_d
25549